|
|
|
|
| LEADER |
00000nam a2200000 a 4500 |
| 001 |
1/127299 |
| 008 |
230919t1977####gr | ||| |||| ||gre|| |
| 040 |
|
|
|a GR-MyUa
|b gre
|c GR-MyUa
|e AACR2
|
| 041 |
0 |
|
|a gre
|
| 082 |
7 |
|
|a 741.5
|2 (23)
|
| 100 |
1 |
|
|a Ζήκος, Νίκος,
|d 1948-
|
| 245 |
1 |
0 |
|a Σεξογραφίες :
|b γελοιογραφίες /
|c Ν. Ζήκος.
|
| 260 |
|
|
|a [Αθήνα] :
|b Τουλούπα,
|c 1977.
|
| 300 |
|
|
|a [80 σ.] :
|b εικ. ;
|c 25 εκ.
|
| 650 |
|
0 |
|a Pencil drawing
|z Greece.
|
| 650 |
|
0 |
|a Greek wit and humor, Pictorial
|
| 650 |
|
0 |
|a Caricatures and cartoons
|z Greece.
|
| 852 |
|
|
|a INST
|b SAMOS
|e 20230919
|h 741.5 ΖΗΚ
|p 005300047753
|q 005300047753
|t BK
|y 0
|
| 970 |
|
|
|a Γουβάλα
|b Βάσω
|z 19-09-2023
|